Bytový dom

Salvato in:
Dettagli Bibliografici
Autore principale: Kollár, Dávid (Autore)
Altri autori: Šťastný, Patrik (Relatore della tesi)
Natura: Manoscritto Libro
Lingua:slovacco
Pubblicazione: 2025
Soggetti:
Accesso online:http://is.stuba.sk/zp/portal_zp.pl?podrobnosti=185423
CRZP
Tags: Aggiungi Tag
Nessun Tag, puoi essere il primo ad aggiungerne!!

MARC

LEADER 00000ntm a22000003a 4500
001 stuzp105103
003 SK-STU
005 20250725111435.0
007 ta
008 150427s2015----xo-----f-mn---000-0-slo-d
040 |a STU  |b slo 
041 0 |a slo 
100 1 |a Kollár, Dávid  |u 010270  |4 aut  |U SvF Stavebná fakulta  |T SvF Katedra technológie stavieb  |X 115188  |U V270  |Y 28  |7 115188 
242 0 1 |a Residential house  |y eng 
245 1 0 |a Bytový dom 
260 |c 2025 
650 4 |a Realizácia sadrokartónových priečok a predstien  |2 slo 
650 4 |a Bytový dom  |2 slo 
650 4 |a sadrokartónoveé priečky  |2 slo 
650 4 |a plasterboard facing walls  |2 eng 
650 4 |a Building Technology  |2 eng 
650 4 |a plasterboard partitions  |2 eng 
700 1 |a Šťastný, Patrik  |u 010270  |k Z2  |4 ths  |U SvF Stavebná fakulta  |T SvF Katedra technológie stavieb  |X 70398  |U V270  |Y 28  |7 70398 
856 4 |u http://is.stuba.sk/zp/portal_zp.pl?podrobnosti=185423 
856 4 |u https://opac.crzp.sk/?fn=detailBiblioForm&sid=C9A1C75A261DD259FA87421E26A3  |z CRZP